ბათუმის შოთა რუსთაველის სახელმწიფო უნივერსიტეტის ბიბლიოთეკა

საჯარო მმართველობის ორგანიზაციული მოწყობა / (ბიბ.ჩანაწერი № 59032)

000 -ლიდერი
ფიქსირებული სიგრძის საკონტროლო ველი 02357nam a22003017a 4500
003 - საკონტროლო ნომრის იდენტიფიკატორი
საკონტროლო ველი Ge_BSU
005 - ბოლო ოპერაციის თარიღი და დრო
საკონტროლო ველი 20221102122020.0
008 - ფიქსირებული სიგრძის მონაცემთა ელემენტები - ზოგადი ინფორმაცია
ფიქსირებული სიგრძის საკონტროლო ველი 221102s2009 ge ||||| |||| 00| 0 geo d
020 ## - წიგნის საერთაშორისო სტანდარტული ნომერი
International Standard Book Number 9789941409523
041 ## - ენის კოდი
Language code of text/sound track or separate title geo
080 ## - უნივერსალური ათობითი კლასიფიკაციის ინდექსი
Universal Decimal Classification number 352 + 342.9 გ-12
100 ## - მთავარი ჩანაწერი - პიროვნების სახელი
Personal name გაბაიძე, დავით
9 (RLIN) 15731
245 ## - ცნობა სათაურის შესახებ
Title საჯარო მმართველობის ორგანიზაციული მოწყობა /
Statement of responsibility, etc დავით გაბაიძე ; რედ. რაჟდენ ფუტკარაძე ; შოთა რუსთაველის სახელმწ. უნ-ტის სოც. მეცნ., ბიზნ. და სამართალმც. ფაკ., იურიდ. მეცნ. დეპარტამენტი.
264 ## - წარმოების, გამოცემის, დისტრიბუციის და სხვა ცნობები
გამოცემის, წარმოების, დისტრიბუციის... ადგილი ბათუმი :
გამოცემის, წარმოების, დისტრიბუციის... სახელწოდება შოთა რუსთაველის სახელმწ. უნ-ტის გამ-ბა და სტ.,
გამოცემის, წარმოების, დისტრიბუციის... თარიღი 2009
300 ## - ფიზიკური აღწერა
Extent 49 გვ. ;
Other physical details 20 სმ.
490 ## - სერიის ცნობა
Series statement სამართალმცოდნეობის სპეციალობის სტუდენტის ბიბლიოთეკა, 1987-5894 / სარედ. კოლ.: ბესარიონ ზოიძე (მთ. რედ. [და სხვ.] ; N 6
504 ## - BIBLIOGRAPHY, ETC. NOTE
Bibliography, etc ბიბლიოგრ.: გვ. 46-47.
653 ## - INDEX TERM--UNCONTROLLED
Uncontrolled term ადმინისტრაციული სამართალი
653 ## - INDEX TERM--UNCONTROLLED
Uncontrolled term საჯარო მმართველობა
700 ## - ADDED ENTRY--PERSONAL NAME
Personal name ფუტკარაძე, რაჟდენ
Relator term რედაქტორი
9 (RLIN) 245
700 ## - ADDED ENTRY--PERSONAL NAME
Personal name ზოიძე, ბესარიონ
Relator term რედაქტორი
9 (RLIN) 15732
700 ## - ADDED ENTRY--PERSONAL NAME
Personal name მახარაძე, ომარ
Relator term რედაქტორი
9 (RLIN) 244
700 ## - ADDED ENTRY--PERSONAL NAME
Personal name გორგოშაძე, მურმან
Relator term რედაქტორი
9 (RLIN) 15733
700 ## - ADDED ENTRY--PERSONAL NAME
Personal name მახარაძე, ადამ
Relator term რედაქტორი
9 (RLIN) 5625
700 ## - ADDED ENTRY--PERSONAL NAME
Personal name ფარტენიძე, ომარ
Relator term რედაქტორი
9 (RLIN) 15734
710 ## - ADDED ENTRY--CORPORATE NAME
Corporate name or jurisdiction name as entry element შოთა რუსთაველის სახელმწ. უნ-ტი
Subordinate unit სოც. მეცნ., ბიზნ. და სამართალმც. ფაკ. იურიდ. მეცნ. დეპარტამენტი.
9 (RLIN) 15735
942 ## - ADDED ENTRY ELEMENTS (KOHA)
Source of classification or shelving scheme
Koha item type წიგნი
ეგზემპლარები
ჩამოწერის სტატუსი დაკარგული ეგზემპლარის სტატუსი კლასიფიკაციის წყარო ან თაროზე გაწყობის სქემა დაზიანების სტატუსი არ გაიცემა მუდმივი მდებარეობა (დაცვის ადგილი) ამჟამინდელი ადგილსამყოფელი თაროზე განთავსების ადგილი შეძენის თარიღი ღირებულება, შესყიდვის ნორმალური ფასი სრული შენახვის შიფრი შტრიხკოდი ბოლო ოპერაციის თარიღი ეგზემპლარის მიმდევრობითი ნომერი (კეტერი?) ფასის ძალაში შესვლის თარიღი ეგზემპლარის სახეობა საჯარო შენიშვნა
          ბათუმის შოთა რუსთაველის სახელმწიფო უნივერსიტეტის მთავარი ბიბლიოთეკა ბათუმის შოთა რუსთაველის სახელმწიფო უნივერსიტეტის მთავარი ბიბლიოთეკა წიგნსაცავი 2022-11-02 3.00 352 + 342.9 გ-12 28855 2022-11-02 28855 2022-11-02 წიგნი 3 ლ.